Cargando...
Castes and tribes of Southern India
| Autor Principal: | |
|---|---|
| Formato: | Printed Book |
| Publicado: |
New Delhi, Cosmo Publications
1987
|
| Series: | 14 pt1
Landmarks in Indian anthropology |
| Subjects: |
| LEADER | 005540000a22001810004500 | ||
|---|---|---|---|
| 082 | |a 301.095 4 M7.14.1 | ||
| 100 | |a Thurston, E | ||
| 245 | |a Castes and tribes of Southern India | ||
| 260 | |a New Delhi, Cosmo Publications | ||
| 260 | |c 1987 | ||
| 490 | |a 14 pt1 | ||
| 490 | |a Landmarks in Indian anthropology |c 14 | ||
| 650 | |a Castes | ||
| 650 | |a South India | ||
| 650 | |a Tribes | ||
| 942 | |c BK | ||
| 999 | |c 9319 |d 9319 | ||
| 952 | |0 0 |1 0 |4 0 |6 301_095000000000000_4_M7_14_1 |7 0 |8 REF |9 9113 |a MGUL |b MGUL |d 2013-07-16 |l 0 |o 301.095 4 M7.14.1 |p 15380 |r 2013-07-16 |w 2013-07-16 |y REF | ||